NBA All Time Block Leaders - Statistics

General Stats
  • This quiz has been taken 32 times
  • The average score is 23 of 50
Answer Stats
Blocks Players % Correct
2732 Shaquille O'Neal
93%
3830 Hakeem Olajuwon
89%
3289 Dikembe Mutombo
81%
3189 Kareem Abdul-Jabbar
81%
2954 David Robinson
78%
1390 Clifford Robinson
74%
3020 Tim Duncan
74%
2137 Ben Wallace
70%
2894 Patrick Ewing
70%
1541 DeAndre Jordan
67%
2037 Kevin Garnett
67%
1460 Rasheed Wallace
67%
2228 Dwight Howard
63%
1733 Moses Malone
63%
1820 Jermaine O'Neal
59%
2356 Alonzo Mourning
56%
1732 Anthony Davis
56%
3064 Mark Eaton
56%
2361 Robert Parish
56%
1690 Kevin McHale
52%
2086 Manute Bol
52%
2542 Tree Rollins
52%
2082 George Johnson
48%
1941 Pau Gasol
48%
2119 Shawn Bradley
48%
1947 Brook Lopez
44%
1771 Elvin Hayes
44%
1638 Rudy Gobert
44%
2331 Marcus Camby
41%
1517 Caldwell Jones
37%
1335 Tyson Chandler
37%
1747 Artist Gilmore
33%
1828 Elton Brand
33%
1713 Josh Smith
33%
1403 Mark West
33%
1605 Herb Williams
30%
1456 Hot Rod Williams
30%
1759 Serge Ibaka
30%
1327 Zydrunas Ilgauskas
30%
1461 Andrei Kirilenko
26%
2027 Larry Nance
26%
1968 Theo Ratliff
26%
1581 Denoit Benjamin
15%
1602 Elden Campbell
15%
1398 Erick Dampier
15%
1342 Terry Tyler
15%
1631 Vlade Divac
15%
1535 Wayne Cooper
11%
1473 Alton Lister
7%
1546 Samuel Dalebert
0%
No matching quizzes found
Score Distribution
Percent of People with Each Score
Percentile by Number Answered
Your Score History
You have not taken this quiz